Gente maicera : (Registro nro. 30510)
[ vista simple ]
| 000 -LEADER | |
|---|---|
| fixed length control field | 02112nam a22002777a 4500 |
| 003 - CONTROL NUMBER IDENTIFIER | |
| control field | OSt |
| 005 - DATE AND TIME OF LATEST TRANSACTION | |
| control field | 20240531162014.0 |
| 008 - FIXED-LENGTH DATA ELEMENTS--GENERAL INFORMATION | |
| fixed length control field | 240207t19502003ck a er 000 0 spa d |
| 020 ## - INTERNATIONAL STANDARD BOOK NUMBER | |
| International Standard Book Number | 9789589728307 |
| 037 ## - SOURCE OF ACQUISITION | |
| Materials specified | Donación |
| 040 ## - CATALOGING SOURCE | |
| Original cataloging agency | CO-JMCR |
| Transcribing agency | CO-JMCR |
| Modifying agency | CO-JMCR |
| Description conventions | rda |
| 041 0# - LANGUAGE CODE | |
| Language code of text/sound track or separate title | spa |
| 082 04 - DEWEY DECIMAL CLASSIFICATION NUMBER | |
| Classification number | A-C |
| Item number | GUTg |
| 100 1# - MAIN ENTRY--PERSONAL NAME | |
| Personal name | Gutierrez, Benigno A. |
| 9 (RLIN) | 43193 |
| Dates associated with a name | 1889-1957 |
| 245 1# - TITLE STATEMENT | |
| Title | Gente maicera : |
| Remainder of title | Mosaico de Antioquia la grande / |
| Statement of responsibility, etc. | Benigno A. Gutierrez |
| 260 ## - PUBLICATION, DISTRIBUTION, ETC. | |
| Place of publication, distribution, etc. | Medellin |
| Name of publisher, distributor, etc. | Instituto Tecnológico Metropolitano |
| Date of publication, distribution, etc. | 2003 |
| 300 ## - PHYSICAL DESCRIPTION | |
| Extent | 346 páginas : |
| Other physical details | Mapas e ilustraciones a blanco y negro ; |
| Dimensions | 24 cm. |
| 490 ## - SERIES STATEMENT | |
| Series statement | Biblioteca básica de Medellín |
| 500 ## - GENERAL NOTE | |
| General note | Incluye datos del autor |
| 505 0# - FORMATTED CONTENTS NOTE | |
| Formatted contents note | Los comuneros de Antioquia en 1781 -- Cómo narraba la historia sagrada el Maestro Feliciano Ríos -- Elegía a una doncella Campesina -- Retablo de Bolivar moribundo |
| 520 3# - SUMMARY, ETC. | |
| Summary, etc. | La Biblioteca Básica de Medellín es una arbitraria pero deliciosa selección de 25 libros imprescindibles Para el lector antioqueño, en la que sus editores creen encontrar los elementos necesarios para un trabajo arqueológico del ciudadano local. No se limita a ningún género y, con cierto agrado, en la elección de los títulos fueron muchos los expertos consultados.<br/>Las publicaciones se presentan al lector desprevenido, sin los condicionantes amañados exegetas de la época. Con sustancia prima para su propio análisis. En las ediciones facsimilares se respetó su grafía particular.<br/>Los 25 volúmenes son memoria. Al recuperarlos límpidos se respetan las intenciones primarias de los autores. Y pretende, contrario a lo que buscó el emperador chino, que simultánea a la construcción de la gran muralla hizo quemar todos los libros del reino, hacer justicia a los recuerdos comunes territorio. Porque la capacidad de perversión de las formas de olvido del modernismo no tiene límites. (...) |
| 650 14 - SUBJECT ADDED ENTRY--TOPICAL TERM | |
| Source of heading or term | JMCR |
| Topical term or geographic name entry element | Literatura Colombiana |
| General subdivision | Antioquia |
| 9 (RLIN) | 43194 |
| 650 24 - SUBJECT ADDED ENTRY--TOPICAL TERM | |
| Topical term or geographic name entry element | Cuentos Antioqueños |
| General subdivision | Costumbres |
| Geographic subdivision | Colombia |
| 9 (RLIN) | 43195 |
| 710 ## - ADDED ENTRY--CORPORATE NAME | |
| Corporate name or jurisdiction name as entry element | Biblioteca básica de Medellín |
| 9 (RLIN) | 43196 |
| 942 ## - ADDED ENTRY ELEMENTS (KOHA) | |
| Source of classification or shelving scheme | Dewey Decimal Classification |
| Koha item type | Books |
| Withdrawn status | Lost status | Damaged status | Not for loan | Home library | Current library | Shelving location | Date acquired | Source of acquisition | Total Checkouts | Full call number | Barcode | Date last seen | Copy number | Price effective from | Koha item type |
|---|---|---|---|---|---|---|---|---|---|---|---|---|---|---|---|
| Biblioteca Pública José María del Castillo y Rada | Biblioteca Pública José María del Castillo y Rada | Fiction | 01/02/2024 | Donación | A-C GUTg | 201812135 | 02/07/2024 | EJ.1 | 02/07/2024 | Books |